Tao e logos. Scienza e medicina nell'antichità: Cina e Grecia
Guardat en:
| Autors principals: | , |
|---|---|
| Format: | Llibre |
| Idioma: | italià |
| Publicat: |
Pisa
Edizioni Della Normale
2009
|
| Edició: | 1a. ed |
| Col·lecció: | Bibliotheca, 6
|
| Matèries: | |
| Etiquetes: |
Afegir etiqueta
Sense etiquetes, Sigues el primer a etiquetar aquest registre!
|
MARC
| LEADER | 00000cam a2200000 a 4500 | ||
|---|---|---|---|
| 001 | UCD5206 | ||
| 003 | CL-VaPUC | ||
| 008 | 160811e20090000it |||||||||||||||||ita|d | ||
| 020 | |a 9788876423611 | ||
| 082 | 0 | 4 | |a 610 |b LLO |2 21 |
| 100 | |a Lloyd, Geoffrey Ernest Richard |e autor |9 453732 | ||
| 700 | 0 | |a Sivin, Nathan |e author |9 588932 | |
| 245 | 1 | 0 | |a Tao e logos. Scienza e medicina nell'antichità: Cina e Grecia |
| 250 | |a 1a. ed | ||
| 300 | |a 337 p | ||
| 942 | |c BK | ||
| 945 | |d 20160811 17:42:00 |a arojas | ||
| 260 | |a Pisa |b Edizioni Della Normale |c 2009 | ||
| 650 | 0 | |a Ciencia |9 255691 | |
| 650 | 0 | |a Medicina |9 258507 | |
| 650 | 7 | |a MEDICINA CHINA |2 CL-VaPUC |9 588933 | |
| 650 | 7 | |a MEDICINA ANTIGUA |2 CL-VaPUC |9 335173 | |
| 650 | 7 | |a MEDICINA GRIEGA |2 CL-VaPUC |9 346352 | |
| 651 | 0 | |a China |9 257545 | |
| 651 | 0 | |a Grecia |9 265314 | |
| 583 | |a last modification |c 20160811 17:42:00 |k Rodrigo Vera | ||
| 490 | 0 | |a Bibliotheca, 6 | |
| 999 | |c 365935 |d 365933 | ||
| 952 | |0 0 |1 0 |3 erb |4 0 |6 610_000000000000000_LLO_2009 |7 0 |8 A |9 479910 |a BIBHIS |b BIBHIS |i 5337232 |l 2 |o 610 LLO 2009 |p 5337232 |r 2025-01-20 |s 2021-06-07 |w 2019-11-24 |y BK |z Catalogado en:20160811 |k HIS | ||